Management and organisational behaviour

Saved in:
Bibliographic Details
Main Author: Mullins, Laurie J.
Format: Book
Language:English
Published: London : Pitman publishing, 1993
Edition:3rd ed.
Subjects:
Tags: Add Tag
No Tags, Be the first to tag this record!

MARC

LEADER 00000nam a2200000 i 4500
001 1/24270
008 960717s1993 eng d
020 |a 0-273-60039-7 
035 |l 10022256 
040 |a GR-MY-UA  |b gre  |e aacr 
041 0 |a eng 
082 0 |a 658 
100 1 |a Mullins, Laurie J. 
245 1 0 |a Management and organisational behaviour /  |c Laurie Mullins 
250 |a 3rd ed. 
260 |a London :   |b Pitman publishing,   |c 1993 
300 |a 730 p. 
500 |a Includes index 
650 0 0 |a Management. 
650 0 0 |a Organizational behavior. 
852 |a INST  |b CHIOS  |e 19960717  |h 658 MUL  |p 005200001779  |q 005200001779  |t BK  |y 0 
909 |a Χ  |b 040206